|
|
|
|
| LEADER |
00000nas a22000003u 4500 |
| 005 |
20110502123540.0 |
| 006 |
m d |
| 007 |
cr |n |||| |
| 008 |
101209u19uuuuuubl | pss|||||| ||por|d |
| 022 |
|
|
|a 1984-8951
|
| 035 |
|
|
|a 5412
|
| 040 |
|
|
|a WaSeSS.
|c WaSeSS.
|d WaSeSS
|d BUS
|d vLex
|
| 090 |
|
|
|c 2090
|d 2090
|
| 245 |
0 |
0 |
|a Cadernos de Pesquisa Interdisciplinar em Cin̊cias Humanas
|h [Recurso electrṇico]
|
| 256 |
|
|
|a Servicio en ln̕ea.
|
| 260 |
|
|
|a Brasil :
|b Universidade Federal de Santa Catarina
|
| 300 |
|
|
|a 1 recurso electrn̤ico
|
| 506 |
1 |
|
|a Contenido solo disponible en los productos indicados
|d vLex Global
|d vLex Global (Academic Edition, excluding Law Schools)
|d vLex Global (U.S. Academic Edition, Law Schools)
|d vLex Global (U.S. Academic Edition, excluding Law Schools)
|d vLex Global (Academic Edition, Law Schools)
|
| 650 |
0 |
4 |
|a Humanidades
|x Publicaciones perid̤icas.
|
| 650 |
0 |
4 |
|a Ciencias humanas
|x Publicaciones perid̤icas.
|
| 710 |
2 |
|
|a Universidade Federal de Santa Catarina.
|
| 740 |
0 |
|
|a vLex Revistas (Servicio en ln̕ea)
|
| 856 |
|
|
|u http://vlex.com/source/cadernos-pesquisa-interdisciplinar-ciencias-humanas-5412
|z Acceso restringido
|
| 942 |
|
|
|c REV
|